[Event "78th GEO-ch 2019"]
[Site "Tbilisi"]
[Date "2019.02.07"]
[Round "1.2"]
[White "Sibashvili, Giorgi"]
[Black "Arutinian, David"]
[Result "1/2-1/2"]
[WhiteElo "2420"]
[BlackElo "2552"]
[Annotator "TA"]
[PlyCount "110"]
[EventDate "2019.02.06"]
[EventType "k.o."]
[EventCountry "GEO"]
[SourceTitle "playchess.com"]
[Source "ChessBase"]
[SourceQuality "1"]

{[%evp 13,110,13,17,23,50,38,46,-11,51,37,45,46,26,42,72,80,91,66,73,52,53,65,100,102,108,102,85,93,100,16,12,10,7,0,0,0,0,0,0,0,0,0,2,0,0,0,0,0,0,0,0,0,0,0,0,0,0,0,0,0,0,0,0,-6,0,0,8,8,8,0,2,2,8,8,8,8,8,0,0,0,0,0,0,0,0,0,0,0,0,0,0,0,2,2,2,0,0,0,8]} 1. d4 Nf6 2. c4 e6 3. Nc3 Bb4 4. f3 c5 5. d5 d6 $146 (5... b5 6. e4 O-O 7. Nh3 d6 {½-½ (45) Eljanov,P (2765)-Harikrishna,P (2763) Stavanger 2016}) ({Predecessor:} 5... O-O 6. e4 b5 7. Nge2 bxc4 8. Nf4 e5 9. Nfe2 {0-1 (43) Santos Latasa,J (2584)-Maiorov,N (2510) Rome 2018}) 6. e4 O-O 7. Nge2 b5 8. Nf4 {E20: Nimzo-Indian: 4 g3 and 4 f3} ({Much weaker is} 8. cxb5 exd5 9. exd5 Re8 $15) 8... e5 9. Nfe2 bxc4 (9... Nh5 10. g4 Qh4+ 11. Kd2 Nf4 12. Nxf4 exf4 13. Kc2 bxc4 14. Bxf4 {½-½ (45) Eljanov,P (2765)-Harikrishna,P (2763) Stavanger 2016}) 10. g4 {[#]} (10. Ng3 $14) ({Predecessor:} 10. Ng3 Nbd7 11. Be2 Ne8 12. O-O Nb6 13. Qc2 Rb8 14. Be3 {0-1 (43) Santos Latasa,J (2584)-Maiorov,N (2510) Rome 2018}) 10... Bxg4 (10... Nxg4 $1 $11 {[%mdl 512]} 11. fxg4 Bxg4) 11. fxg4 $14 {aiming for Ng3.} Nxe4 $1 {[#]} 12. g5 $1 {[%mdl 512]} f5 (12... Nxg5 13. Ng3) 13. h4 Qa5 {[%cal Re4c3]} 14. Qc2 Nd7 15. Bh3 g6 16. O-O Bxc3 $1 17. bxc3 Nb6 18. Bg2 Qa4 19. Bxe4 fxe4 20. Qxa4 Nxa4 21. Bd2 (21. Rf6 $16) 21... Rab8 $11 {The position is equal.} 22. Rxf8+ Kxf8 23. Rf1+ Ke7 {White must now prevent ...Rb2.} 24. Bc1 Rb1 25. Kf2 Ra1 $1 {[%cal Ra1a2]} 26. a3 Ra2 27. Ke3 Rc2 28. h5 gxh5 29. Rh1 Kf8 30. Rxh5 Nxc3 31. Nxc3 Rxc3+ {[%mdl 4096] Endgame KRB-KR} 32. Kd2 Rd3+ {[%mdl 64] Double Attack} 33. Ke2 Kg7 34. Rh4 $1 Rxd5 35. Be3 Rd3 36. Rxe4 Rc3 37. Kd2 Rxa3 38. Rxc4 Kg6 39. Rh4 d5 {Threatens to win with ...d4.} 40. Rh6+ Kf5 $132 {[%mdl 2048] Hoping for ...d4. Black is not keeping still} 41. Bxc5 Ra2+ 42. Kd3 Kxg5 43. Rxh7 Kf6 44. Rd7 Ra1 45. Bxa7 Ra3+ 46. Kc2 Ke6 47. Rh7 d4 48. Bb8 Re3 49. Rh5 Kf6 50. Kd2 Ke6 51. Bc7 Kd5 52. Bd8 Ra3 53. Bf6 Ra2+ 54. Kd3 Ra3+ 55. Kd2 Ra2+ {Accuracy: White = 73%, Black = 73%.} 1/2-1/2

[Event "78th GEO-ch 2019"]
[Site "Tbilisi"]
[Date "2019.02.07"]
[Round "1.2"]
[White "Arabidze, Meri"]
[Black "Jojua, Davit"]
[Result "1/2-1/2"]
[WhiteElo "2387"]
[BlackElo "2588"]
[Annotator "TA"]
[PlyCount "56"]
[EventDate "2019.02.06"]
[EventType "k.o."]
[EventCountry "GEO"]
[SourceTitle "playchess.com"]
[Source "ChessBase"]
[SourceQuality "1"]

{[%evp 17,56,18,22,18,11,10,12,14,20,4,26,18,22,19,20,0,40,0,45,0,0,0,0,0,0,0,0,0,0,0,0,0,0,0,0,0,0,0,0,-6,0]} 1. d4 (1. Nf3 Nf6 2. c4 g6 3. Nc3 Bg7 4. e4 d6 {½-½ (35) Wojtaszek,R (2736)-Duda,J (2717) Katowice 2017}) 1... g6 $146 ({Predecessor:} 1... Nf6 2. c4 g6 3. Nc3 Bg7 4. e4 {½-½ (60) Dacalor,A (2001)-Dieuleveut,F (1816) Mulhouse 2016}) 2. c4 Bg7 3. Nc3 d6 4. e4 Nf6 5. Nf3 O-O 6. Be2 e5 ({Predecessor:} 6... Nbd7 7. O-O e5 8. dxe5 {½-½ (60) Dacalor,A (2001)-Dieuleveut,F (1816) Mulhouse 2016}) 7. O-O Nc6 8. dxe5 Nxe5 9. Nxe5 dxe5 10. Bg5 {E97: King's Indian: Classical Main Line (6...e5 7 0-0 Nc6): 8 Be3 and 8 d5 Ne7, not 9 Ne1} (10. Qxd8 Rxd8 11. Be3 c6 12. Rfd1 Re8 13. f3 Bf8 14. Na4 b6 15. b3 Be6 16. Nb2 Nd7 17. Nd3 f6 18. Rac1 Nc5 19. Nxc5 Bxc5 20. Bxc5 bxc5 {½-½ (35) Wojtaszek,R (2736)-Duda,J (2717) Katowice 2017}) 10... Qxd1 11. Rfxd1 c6 12. Rd2 ({Predecessor:} 12. Rd6 Ne8 13. Rd2 Nc7 14. c5 f6 15. Be3 Be6 16. Rad1 Rfe8 17. b3 Kf7 {½-½ (60) Dacalor,A (2001)-Dieuleveut,F (1816) Mulhouse 2016}) 12... Be6 13. f3 h5 14. Rad1 Rfc8 15. Na4 {Threatening Nc5.} b6 16. b4 Kf8 17. Nc3 Ng8 18. b5 (18. c5 $5 {[%cal Re2a6]}) 18... cxb5 {The position is equal.} 19. Nxb5 f6 20. Be3 Bh6 $1 {[%cal Rh6e3]} 21. Kf2 Bxe3+ 22. Kxe3 Nh6 23. g3 Nf7 24. h4 Rc5 25. Bf1 Rc6 26. Be2 Rc5 27. Bf1 Rc6 28. Be2 Rc5 {Accuracy: White = 60%, Black = 68%.} 1/2-1/2

[Event "78th GEO-ch 2019"]
[Site "Tbilisi"]
[Date "2019.02.06"]
[Round "1.3"]
[White "Arutinian, David"]
[Black "Sibashvili, Giorgi"]
[Result "1-0"]
[WhiteElo "2552"]
[BlackElo "2420"]
[Annotator "TA"]
[PlyCount "59"]
[EventDate "2019.02.06"]
[EventType "k.o."]
[EventCountry "GEO"]
[SourceTitle "playchess.com"]
[Source "ChessBase"]
[SourceQuality "1"]

{[%evp 9,59,19,21,11,26,8,41,20,14,6,28,27,33,31,32,18,22,29,31,26,27,18,29,24,43,39,47,43,37,12,15,-30,76,76,96,105,274,264,322,272,307,283,324,160,2027,1996,29994,29995,29995,29994,29996,29997]} 1. Nf3 ({Predecessor:} 1. d4 d5 2. c4 e6 3. Nc3 c5 4. e3 Nf6 5. Nf3 a6 6. cxd5 exd5 7. b3 Nc6 {½-½ (27) Blocker,C (2365)-Cranbourne,C Mexico City 1980}) 1... d5 $146 (1... Nf6 2. c4 e6 3. e3 {1-0 (45) Svidler,P (2737)-Duda,J (2738) St Petersburg 2018}) 2. e3 Nf6 3. c4 e6 4. b3 a6 (4... Be7 5. Bb2 dxc4 6. bxc4 c5 7. d4 O-O 8. Bd3 b6 9. O-O Bb7 10. Nc3 cxd4 11. exd4 Nc6 12. Qe2 Nb4 13. Bb1 Bxf3 14. gxf3 Rc8 15. Rd1 Re8 16. Kh1 Bf8 17. a3 Nc6 18. Ne4 Nxe4 19. fxe4 g6 20. d5 exd5 21. cxd5 {1-0 (45) Svidler,P (2737)-Duda,J (2738) St Petersburg 2018}) 5. Bb2 c5 6. Nc3 {A13: English Opening: 1...e6} Nc6 7. cxd5 exd5 8. d4 {White is slightly better.} Bg4 9. Be2 cxd4 10. Nxd4 Bxe2 11. Ncxe2 Bb4+ 12. Bc3 Bxc3+ 13. Nxc3 Qa5 14. Rc1 Rc8 ({Predecessor:} 14... Ne4 15. Nxc6 bxc6 {½-½ (27) Blocker,C (2365)-Cranbourne,C Mexico City 1980}) 15. O-O O-O 16. Nf5 g6 17. Nd6 Rb8 18. Qf3 $36 {[%mdl 2048] White is pushing.} Kg7 19. Qg3 d4 20. Na4 dxe3 (20... Qd5 $1 $11 21. Rc5 Qe6) 21. fxe3 $16 {And now Nc5 would win.} Nh5 22. Qf3 {Strongly threatening g4.} Ne5 $2 {[#]} (22... Qc7 $16 {might work better.} 23. Nxb7 Rbc8) 23. Qe4 $1 $18 Nf6 {[#]} 24. Rxf6 $1 {[%mdl 512]} Kxf6 25. Nc5 {Hoping for Rf1+.} ({Less strong is} 25. Nxb7 Rxb7 26. Qxb7 Re8 $14) 25... Rfe8 26. Qd5 ({Not} 26. Nxe8+ Rxe8 27. Nxb7 Qd2 $16) (26. Ncxb7 Qd2 $16) (26. Nd7+ $18 {is more deadly.} Ke6 27. Nxe8 Rxe8 28. b4) 26... Qxa2 $2 {[#]} (26... Qd8 $16) 27. Nd7+ $1 {[%mdl 576] Decoy} Nxd7 28. Qxf7+ {White mates.} Kg5 29. Qf4+ Kh5 30. Nf7 {Accuracy: White = 29%, Black = 25%.} 1-0

[Event "78th GEO-ch 2019"]
[Site "Tbilisi"]
[Date "2019.02.08"]
[Round "1.3"]
[White "Petriashvili, Nikoloz"]
[Black "Maghalashvili, Davit"]
[Result "1-0"]
[WhiteElo "2464"]
[BlackElo "2504"]
[Annotator "TA"]
[PlyCount "117"]
[EventDate "2019.02.06"]
[EventType "k.o."]
[EventCountry "GEO"]
[SourceTitle "playchess.com"]
[Source "ChessBase"]
[SourceQuality "1"]

{[%evp 18,117,9,0,16,0,0,0,4,5,0,-12,0,0,0,0,16,10,18,13,13,13,14,11,18,19,21,22,19,23,24,2,33,0,4,0,0,0,8,0,0,0,0,0,0,0,0,0,8,8,8,8,8,8,23,8,36,23,23,8,23,8,8,8,8,8,8,8,16,8,16,0,16,8,16,0,0,0,0,0,186,164,867,656,1202,643,1191,1173,984,534,2018,1359,5698,5577,4947,172,29979,29979,29982,29983,29983,29981]} 1. c4 e6 2. Nf3 d5 3. b3 Nf6 4. g3 Be7 5. Bg2 O-O 6. Bb2 c5 7. cxd5 Nxd5 8. O-O Nc6 9. Nc3 Nxc3 10. Bxc3 Rb8 {A14: English Opening: 1...e6 with b3 by White} (10... Bd7 11. Qb1 Rc8 12. Rd1 Bf6 13. d4 Qe7 14. Qb2 cxd4 15. Nxd4 b6 16. Nxc6 Bxc6 17. Bxf6 Qxf6 18. Qxf6 gxf6 {1-0 (51) Kramnik,V (2812)-Anand,V (2770) Leuven 2016}) 11. Rc1 b6 12. Ne5 Nxe5 {The position is equal.} 13. Bxe5 Bd6 14. Bc3 $146 ({Predecessor:} 14. Bb2 Bb7 15. d4 Bxg2 16. Kxg2 Qe7 {½-½ (16) Rodriguez Gonzales,J-Dunkelblum,A Havana 1966}) 14... Bb7 15. d4 Bxg2 16. Kxg2 Be7 17. e4 (17. dxc5 {seems wilder.} Bxc5 18. b4 Be7 19. a3 Rc8 20. e3) 17... cxd4 18. Qxd4 Qxd4 19. Bxd4 Rbc8 20. Rfd1 f6 21. Be3 Rxc1 22. Rxc1 $11 {[%mdl 4096] Endgame KRB-KRB} Bd6 23. a4 Kf7 24. f4 Ke7 25. Kf3 Kd7 26. Rd1 {[#] aiming for Bc1.} Ke7 27. Rc1 Kd7 28. Ke2 h5 29. Ra1 Rc8 30. Kd3 Bb4 31. Rc1 Rxc1 32. Bxc1 {KB-KB} Kc6 33. Kc4 a5 34. f5 exf5 35. exf5 Bd6 36. Be3 Be5 37. Bf2 Bd6 38. h3 Be5 39. g4 hxg4 40. hxg4 Bd6 41. Bd4 Be7 42. g5 Bd8 43. Bc3 Be7 44. Bb2 Bd8 45. Bd4 Be7 46. Kd3 Bc5 {...Bxd4 is the strong threat.} 47. Bc3 fxg5 {Hoping for ...Kd5.} 48. Ke4 Kd7 $2 (48... Bf8 $11 {and Black has nothing to worry.}) 49. Bxg7 $18 Ke7 $2 (49... Kc6 50. f6 g4) 50. Bc3 Kd7 51. Kf3 Be7 52. Kg4 Kc6 53. Bd2 Bf8 54. Kxg5 Kc5 55. Be3+ Kb4 56. Bxb6 $2 (56. f6 b5 57. Bd2+ Kc5 58. Bxa5) 56... Kxb3 $2 (56... Bg7 $18 57. f6 Bxf6+ 58. Kxf6 Kxb3 59. Bxa5 Ka3) 57. f6 {White mates.} Kxa4 {[#]} 58. Bd8 $1 {[%cal Rd8e7]} Bb4 59. Be7 {Accuracy: White = 54%, Black = 38%.} 1-0

[Event "78th GEO-ch 2019"]
[Site "Tbilisi"]
[Date "2019.02.08"]
[Round "1.3"]
[White "Kacharava, Nikolozi"]
[Black "Paichadze, Luka"]
[Result "1/2-1/2"]
[WhiteElo "2420"]
[BlackElo "2580"]
[Annotator "TA"]
[PlyCount "136"]
[EventDate "2019.02.06"]
[EventType "k.o."]
[EventCountry "GEO"]
[SourceTitle "playchess.com"]
[Source "ChessBase"]
[SourceQuality "1"]

{[%evp 10,136,29,6,47,0,0,0,18,-16,13,6,11,10,11,20,37,39,44,19,26,37,36,32,30,12,33,26,24,15,19,14,60,12,26,27,15,14,33,-61,-62,-137,-139,-283,-272,-277,-254,-366,-366,-467,-464,-536,-539,-668,-535,-662,-623,-651,-265,-265,-265,-251,-265,-362,-245,-233,-228,-230,-230,-189,-175,-172,-77,-239,-232,-302,-298,-289,-212,-213,-212,-199,-186,-187,-147,-193,-123,-110,-2,-2,-2,-2,-2,-2,-2,-2,-2,-2,-2,-4134,-2,-2,-2,-2,-2,-2,-2,-2,-2,-2,-2,-2,-2,-2,0,-2,-2,-2,-2,-2,-2,-2,-2,-2,0,0,0,0,0]} 1. e4 c6 2. Nc3 ({Predecessor:} 2. Nf3 d5 {1-0 (38) Leiber,B (2085)-Rausch,D (1685) Lueneburg 2017}) 2... d5 3. Nf3 Bg4 4. h3 Bxf3 5. Qxf3 e6 6. d3 g6 $146 {B11: Caro-Kann: Two Knights Variation} (6... Nf6 7. g3 Bb4 8. a3 Bxc3+ 9. bxc3 dxe4 10. dxe4 Nbd7 11. Bg2 O-O 12. O-O Qa5 13. a4 Rfd8 14. Qe3 Nb6 15. f4 {0-1 (40) Nakamura,H (2786)-Carlsen,M (2832) chess.com INT 2018}) 7. Be2 Bg7 8. O-O Ne7 9. Bg5 Nd7 ({Predecessor:} 9... O-O 10. Bf6 Bxf6 11. Qxf6 Nd7 12. Qh4 d4 13. Nd1 c5 14. f4 {1-0 (38) Leiber,B (2085)-Rausch,D (1685) Lueneburg 2017}) 10. Rad1 d4 11. Nb1 $1 O-O 12. Qg3 e5 13. c3 c5 14. Na3 a6 15. cxd4 cxd4 16. Rc1 b5 17. Rc2 h6 18. Bd2 Rc8 19. Rfc1 Rxc2 20. Nxc2 Qb6 21. Nb4 a5 22. Nd5 Nxd5 23. exd5 b4 24. f4 {[#]} (24. Qh4 $1 $14) 24... e4 $1 $15 {[%mdl 512]} 25. Kh2 ({Wrong is} 25. dxe4 $2 d3+ 26. Be3 Bd4 $19) (25. f5 $15) 25... Qb5 $17 26. Bg4 (26. Be1 $17 {was called for.}) 26... e3 $19 (26... exd3 27. d6 $17) 27. Be1 Nf6 ({Not} 27... Qxd5 28. Qf3 $17) 28. Rc4 (28. Bd1 $142) 28... Nxd5 29. Kg1 Nb6 30. Rc7 Qxd3 31. f5 Nd5 32. Rc5 Nf6 33. fxg6 Qxg6 (33... fxg6 $142 34. Rc6 Nxg4 35. Qxg4 Rf1+ 36. Kh2 Qf5) 34. Bf5 Qxg3 $1 35. Bxg3 Re8 36. Kf1 Ne4 37. Bxe4 Rxe4 {[%mdl 4096] Endgame KRB-KRB} 38. Ke2 Re6 39. Be1 Rg6 40. g4 {[#]} Rg5 (40... b3 $1 $19 {and Black stays clearly on top.} 41. Rxa5 (41. axb3 Rb6) 41... Rc6 42. axb3 Rc2+ 43. Kd3 Rxb2) 41. Rc8+ $2 (41. Rxg5 $17 hxg5 42. Bg3) 41... Kh7 42. Rc7 h5 43. Bh4 Rd5 44. Kd3 hxg4 45. hxg4 Kg6 46. Rc6+ f6 47. g5 {[#]} Rf5 (47... Bh8 $1 $19 48. gxf6 Rh5) 48. gxf6 $17 {[#]} Bxf6 (48... Bf8 $1 $17 {Strongly threatening ...Rf1.} 49. Rc4 Bc5) 49. Rd6 $11 Kf7 50. Bxf6 Rxf6 51. Rxd4 {KR-KR} Rf2 52. a3 Rxb2 53. axb4 {[%cal Ba3b4,Bb4b5,Bb5b6,Bb6b7][%mdl 32]} e2 54. Re4 a4 $2 ({Black should try} 54... axb4 $19 55. Rxe2 Rxe2 56. Kxe2 Kg8) 55. Kc3 {The position is equal.} a3 {[#]} 56. b5 $1 {[%mdl 512]} Kf6 {[#] Threatens to win with ...Kf5.} (56... Rxb5 57. Rxe2) 57. b6 $1 {[%mdl 512]} Kf5 (57... Rxb6 58. Rxe2) 58. Re8 Kf4 {[#] aiming for ...Kf3.} 59. b7 $1 {[%mdl 512]} Kf3 (59... Rxb7 60. Rxe2) 60. Rf8+ Kg2 (60... Ke3 $5 61. Re8+ $8 Kf3 62. Rf8+ Kg4 63. Rg8+ Kf4 64. Rf8+ Kg4 65. Rg8+ Kf4 66. Rf8+ Ke4 67. Re8+ Kf3 $11) 61. Rg8+ Kf3 (61... Kf1 $5 62. Rf8+ $8 Kg1 63. Rg8+ Kf1 64. Rf8+ Kg2 65. Rg8+ Kf3 66. Rf8+ Kg2 $11) 62. Rf8+ Kg4 (62... Ke3 $5 63. Re8+ $8 Kf2 64. Rf8+ Kg3 65. Rg8+ Kf4 66. Rf8+ Kg5 $11) 63. Rg8+ Kf5 64. Rf8+ Ke6 65. Re8+ Kd7 {[#]} 66. Rxe2 $1 {[%mdl 512]} Kc7 (66... Rxe2 67. b8=Q) 67. Rxb2 axb2 68. Kxb2 Kxb7 {Accuracy: White = 56%, Black = 53%.} 1/2-1/2

[Event "78th GEO-ch 2019"]
[Site "Tbilisi"]
[Date "2019.02.08"]
[Round "1.3"]
[White "Arabidze, Meri"]
[Black "Jojua, Davit"]
[Result "1-0"]
[WhiteElo "2387"]
[BlackElo "2588"]
[Annotator "TA"]
[PlyCount "143"]
[EventDate "2019.02.06"]
[EventType "k.o."]
[EventCountry "GEO"]
[SourceTitle "playchess.com"]
[Source "ChessBase"]
[SourceQuality "1"]

{[%evp 15,143,0,28,19,18,20,37,43,42,39,45,26,40,36,60,59,130,43,54,0,8,0,0,-7,49,50,52,9,12,13,18,-2,20,-4,-5,-14,32,38,41,31,47,23,28,30,48,52,73,58,95,64,81,95,110,100,106,102,199,199,199,199,199,199,267,253,254,233,254,262,255,255,274,255,274,274,274,300,185,245,266,256,244,244,306,251,244,222,201,201,164,11,372,189,29950,29951,29952,29953,29954,29956,29957,29955,29955,29958,29959,29960,29958,29959,29960,29962,29962,29960,29960,29965,29964,29960,29966,29968,29967,29969,29968,29970,29970,29971,29973,29974,29980,29981,29982,29983,29983,29940]} 1. d4 (1. Nf3 Nf6 2. c4 g6 3. Nc3 Bg7 4. e4 d6 {½-½ (35) Wojtaszek,R (2736)-Duda,J (2717) Katowice 2017}) 1... g6 $146 ({Predecessor:} 1... d6 2. Nf3 Nf6 3. c4 g6 4. Nc3 Bg7 {½-½ (59) Atalik,S (2509)-Raghunandan,K (2417) Paracin 2018}) 2. c4 Bg7 3. Nc3 d6 4. e4 Nf6 5. Nf3 O-O 6. Be2 e5 7. O-O Nc6 8. dxe5 Nxe5 9. Bf4 {E97: King's Indian: Classical Main Line (6...e5 7 0-0 Nc6): 8 Be3 and 8 d5 Ne7, not 9 Ne1} (9. Nxe5 dxe5 10. Qxd8 Rxd8 11. Be3 c6 12. Rfd1 Re8 13. f3 Bf8 14. Na4 b6 15. b3 Be6 16. Nb2 Nd7 17. Nd3 f6 18. Rac1 Nc5 19. Nxc5 Bxc5 20. Bxc5 bxc5 {½-½ (35) Wojtaszek,R (2736)-Duda,J (2717) Katowice 2017}) 9... Nxf3+ 10. Bxf3 Nd7 11. Qd2 {White is slightly better.} a5 ({Predecessor:} 11... Ne5 12. Be2 Be6 13. b3 Nc6 14. Rad1 Nd4 15. Be3 Nxe2+ 16. Nxe2 a6 {½-½ (59) Atalik,S (2509)-Raghunandan,K (2417) Paracin 2018}) 12. Rad1 Re8 13. b3 Nc5 14. Rfe1 Be6 15. Nb5 Qc8 (15... h5 $14) 16. Qe3 (16. e5 $16 dxe5 17. Bxe5) 16... Ra6 $14 17. Bg3 (17. Nc3 $14) 17... Bf5 18. Qf4 Bd7 19. Qd2 Bxb5 (19... Bc6 $11) 20. cxb5 Ra8 21. b6 Be5 22. bxc7 Qxc7 23. Qd5 Qb6 24. Bxe5 dxe5 25. Rc1 Ne6 26. Qxe5 Nd4 27. Qf4 $36 {[%mdl 2048] Black is under pressure.} a4 28. e5 axb3 29. axb3 Nxf3+ 30. Qxf3 Re6 31. Qe3 Qb5 32. f4 Rb6 33. Rc3 Rc6 34. Rxc6 Qxc6 35. e6 Qxe6 (35... fxe6 $16 36. Qxe6+ Kg7 37. Qe7+ Kg8) 36. Qxe6 $18 fxe6 37. Rxe6 $16 {[%mdl 4096] Endgame KR-KR} Rd8 38. Rb6 Rd4 (38... Rd7 $142 39. Kf2 Rf7) 39. Rxb7 $18 Rxf4 {[#]} 40. b4 $1 Rc4 41. h3 Rc2 42. b5 Rb2 43. Kh2 Rb3 44. b6 h5 45. h4 Kf8 46. Kg1 Rb2 47. g3 Ke8 48. Kf1 Kf8 49. Ke1 Ke8 50. Kd1 Kd8 51. Rb8+ Kd7 {[#]} 52. b7 $2 ({Only move:} 52. Ke1 $1 $18) 52... Rb3 $2 {[%mdl 8192]} (52... Kc6 $11) 53. Ke2 Kc7 $2 (53... Kc6 $18) 54. Rg8 {White mates.} Kxb7 55. Rxg6 Kc7 56. Rg5 Kd6 57. Kf2 Rb2+ 58. Kf3 Rb3+ 59. Kg2 Ke6 60. Rxh5 Kf6 61. Ra5 Kg6 62. Ra6+ Kf5 63. Kh3 Rc3 64. Ra5+ Kg6 65. h5+ Kh6 66. Kh4 Rc1 67. Ra6+ Kg7 68. g4 Rc5 69. Ra7+ Kf6 {[#]} 70. g5+ $1 Ke6 (70... Rxg5 71. Ra6+) 71. h6 Kf5 72. Kh5 {Accuracy: White = 59%, Black = 32%.} 1-0

[Event "78th GEO-ch 2019"]
[Site "Tbilisi"]
[Date "2019.02.08"]
[Round "1.4"]
[White "Jojua, Davit"]
[Black "Arabidze, Meri"]
[Result "1-0"]
[WhiteElo "2588"]
[BlackElo "2387"]
[Annotator "TA"]
[PlyCount "85"]
[EventDate "2019.02.06"]
[EventType "k.o."]
[EventCountry "GEO"]
[SourceTitle "playchess.com"]
[Source "ChessBase"]
[SourceQuality "1"]

{[%evp 20,85,33,39,53,44,55,61,51,52,75,49,150,60,63,53,49,51,51,-44,0,-20,0,-7,44,78,113,136,127,120,110,106,103,73,126,148,291,288,272,189,447,436,492,335,420,412,579,587,672,648,760,768,927,933,963,961,1075,1004,1064,923,1454,1202,1196,1162,2323,1586,29973,29966]} 1. d4 d5 2. c4 dxc4 3. e4 e5 4. Nf3 exd4 5. Bxc4 Nc6 6. O-O Be6 7. Bxe6 fxe6 8. Qb3 Qd7 9. Qxb7 Rb8 10. Qa6 Nf6 11. Nbd2 Bd6 {D20: Queen's Gambit Accepted: 3 e3 and 3 e4} (11... Bb4 12. Qd3 Bxd2 13. Bxd2 Rxb2 14. Rac1 O-O 15. Rc5 Rfb8 16. Rfc1 R8b6 17. h3 h6 18. a4 Ne8 19. Bc3 R2b3 {1-0 (48) Wojtaszek,R (2746)-Socko,B (2604) Czech Republic 2016}) 12. a3 O-O 13. b4 {[%cal Bb2b4,Bb4b5][%mdl 32]} Ng4 {White is slightly better.} 14. Bb2 Bf4 15. Nc4 e5 ({Black should play} 15... Bd6 $1 $14) 16. h3 $146 (16. Bc1 $1 $16) ({Predecessor:} 16. b5 Nd8 17. h3 Nf6 18. Ncxe5 Qxb5 19. Qxb5 Rxb5 20. Bxd4 Nxe4 {1-0 (59) Blanco Gramajo,C-Elburg,J LSS email 2007}) 16... Nf6 $14 17. Rfe1 Rbe8 18. b5 Nb8 19. Qa5 (19. Qa4 $14) 19... Qf7 20. Qb4 Nbd7 21. a4 Qh5 (21... Kh8 $11) 22. Bc1 {Strongly threatening Bxf4.} Bxc1 23. Raxc1 Nxe4 24. Rxe4 Rxf3 {[#]} 25. Nd2 $1 {[%cal Rd2f3]} Rf7 26. Rxc7 {Threatens to win with Qb3.} Nf6 {[#]} (26... Qf5 $142) 27. Qc4 $1 $16 Ref8 (27... Nxe4 $16 {is a better defense.} 28. Nxe4 Kf8) 28. Re1 $18 Kh8 29. Rxf7 Rxf7 $2 (29... Qxf7 30. Qxf7 (30. Rxe5 Qxc4 31. Nxc4 Rc8 $16) 30... Rxf7) 30. Nf3 e4 31. Nxd4 Rf8 32. Nc6 Qh4 (32... Rc8 {keeps fighting.} 33. Qd4 a6) 33. Qc5 Nd7 34. Qd4 Nf6 35. Qxa7 h6 36. Qc5 Nd7 37. Qd4 Qf4 38. a5 {[%cal Ba4a5,Ba5a6][%mdl 32]} Qf5 39. Ne7 Qf7 40. Rxe4 Nf6 41. Re1 Nh5 42. a6 Nf4 {[#]} 43. Qxf4 $1 {[%mdl 576] Remove Defender, Decoy. Accuracy: White = 69%, Black = 28%.} 1-0

[Event "78th GEO-ch 2019"]
[Site "Tbilisi"]
[Date "2019.02.08"]
[Round "1.4"]
[White "Paichadze, Luka"]
[Black "Kacharava, Nikolozi"]
[Result "1-0"]
[WhiteElo "2580"]
[BlackElo "2420"]
[Annotator "TA"]
[PlyCount "87"]
[EventDate "2019.02.06"]
[EventType "k.o."]
[EventCountry "GEO"]
[SourceTitle "playchess.com"]
[Source "ChessBase"]
[SourceQuality "1"]

{[%evp 25,87,19,29,0,20,15,14,30,26,27,27,25,25,22,22,22,19,-11,-11,-11,-10,-27,-25,-40,0,0,-18,-101,-100,-141,-140,-158,-19,-41,-25,-95,118,131,215,198,176,175,251,256,237,237,689,686,618,21,43,34,29966,6925,3016,2620,29992,29993,29993,29994,29994,29977,29974,6170]} 1. e4 e5 2. Nf3 Nf6 3. Nxe5 d6 4. Nf3 Nxe4 5. d4 d5 6. Bd3 Nc6 $146 ({Predecessor:} 6... Be7 7. O-O {1-0 (37) Nakamura,H (2787)-Akobian,V (2615) Saint Louis 2016}) 7. O-O Be7 8. c4 Nb4 9. Be2 Bf5 ({Predecessor:} 9... O-O 10. Nc3 Bf5 11. a3 Nxc3 12. bxc3 {1-0 (37) Nakamura,H (2787)-Akobian,V (2615) Saint Louis 2016}) 10. a3 Nc6 11. Nc3 Nxc3 12. bxc3 O-O 13. Re1 Re8 14. Ra2 {C42: Petroff Defence: 3 Nxe5 and unusual White 3rd moves} Na5 15. cxd5 Qxd5 16. Rb2 {The position is equal.} c6 17. Ne5 Bxa3 18. Bf3 Qd6 $1 19. Rbe2 Bxc1 20. Qxc1 {aiming for Nc4!} Rf8 ({Predecessor:} 20... Be6 21. Be4 Rad8 {1-0 (37) Nakamura,H (2787)-Akobian,V (2615) Saint Louis 2016}) 21. Qa1 b6 22. Qa2 {Threatens to win with Nxf7!} Be6 23. Qc2 Bd5 24. Be4 g6 25. f4 Nc4 26. Bd3 (26. f5 $11 {remains equal.}) 26... Nxe5 $17 27. fxe5 {[#]} Qd7 $1 28. Qd2 Kg7 (28... a5 $17 29. Bb1 a4) 29. Re3 Be6 30. Re4 (30. h4 $11) 30... Bf5 $2 (30... a5 $17) 31. Rh4 $16 {Qh6+ would kill now.} h5 (31... Kh8 $16) 32. Bxf5 $18 Qxf5 33. Rf1 Qe6 (33... Qd7 $142 34. Qg5 Rh8) 34. Rf6 Qb3 {[#]} 35. Qg5 $1 {Hoping for g4.} (35. Rxc6 Rfc8 $11) 35... Qxc3 $2 (35... Rae8 36. g4 Rh8) 36. h3 {And now Rxh5 would win.} Rad8 37. Rff4 $2 $40 {[%mdl 128] White mounts an attack.} (37. Rf3 $18 Qe1+ 38. Kh2) 37... Qe3+ $1 $11 38. Kh2 {Black must now prevent Rxf7+!} f6 $2 {[%mdl 8192]} (38... Kg8 $14 39. Rxh5 Qxf4+ 40. Qxf4 gxh5) 39. exf6+ Kf7 40. Qh6 Qd3 41. Re4 {White mates.} Qxe4 42. Rxe4 {[%csl Gf6][%cal Rh6g7]} Kxf6 43. Rf4+ Ke7 44. Qg7+ {Accuracy: White = 47%, Black = 44%.} (44. Qh7+ $142 Kd6 45. Qxg6+ Ke7 46. Qg7+ Ke6 47. Rxf8 Rxf8 48. Qxf8 h4 49. Qe8+ Kd5 50. Qd8+ Ke6 51. Qxh4) 1-0